=LDR 00000nam 2200000 4500 =001 INLIS000000000017870 =005 20130612113054 =008 ***********************************Ind** =035 ##$$0010-061300000017870 =041 ##$$a Ind =082 ##$$a R.419.903 =090 ##$$a R.419.903, Bun k =100 ##$$a Bundari =245 ##$$a Kamus bahasa betawi-Indonesia, Bundari, MRE =260 ##$$a 2003 $b Jakarta =300 ##$$a xxvii, 170 hlm, 21 cm =650 ##$$a Bahasa Betawi-Kamus-Indonesia =850 ##$$a NBPNMAT